Statistics for U.S. State Capitals

Click here to take the quiz!

General Stats

  • This quiz has been taken 37 times
  • The average score is 42 of 50

Answer Stats

HintAnswer% Correct
New YorkAlbany
100%
HawaiiHonolulu
97%
CaliforniaSacramento
97%
GeorgiaAtlanta
94%
IndianaIndianapolis
94%
UtahSalt Lake City
94%
TexasAustin
91%
MassachusettsBoston
91%
IowaDes Moines
91%
AlaskaJuneau
91%
ArizonaPhoenix
91%
LouisianaBaton Rouge
88%
OhioColumbus
88%
ColoradoDenver
88%
MississippiJackson
88%
ArkansasLittle Rock
88%
TennesseeNashville
88%
OklahomaOklahoma City
88%
New MexicoSanta Fe
88%
IllinoisSpringfield
88%
FloridaTallahassee
88%
KansasTopeka
88%
MarylandAnnapolis
84%
IdahoBoise
84%
MichiganLansing
84%
AlabamaMontgomery
84%
WashingtonOlympia
84%
Rhode IslandProvidence
84%
North CarolinaRaleigh
84%
NevadaCarson City
81%
DelawareDover
81%
VirginiaRichmond
81%
MinnesotaSaint Paul
81%
New JerseyTrenton
81%
MaineAugusta
78%
North DakotaBismarck
78%
WyomingCheyenne
78%
KentuckyFrankfort
78%
NebraskaLincoln
78%
WisconsinMadison
78%
OregonSalem
78%
PennsylvaniaHarrisburg
75%
MontanaHelena
75%
MissouriJefferson City
75%
West VirginiaCharleston
72%
New HampshireConcord
72%
ConnecticutHartford
72%
VermontMontpelier
72%
South dakotaPierre
72%
South CarolinaColumbia
69%

Score Distribution

Percentile by Number Answered

Percent of People with Each Score

Your Score History

You have not taken this quiz